La guerra de los mundos

محفوظ في:
التفاصيل البيبلوغرافية
المؤلف الرئيسي: Wells, Herbert George (مؤلف)
التنسيق: كتاب
اللغة:الإسبانية
منشور في: Santiago Andrés Bello 2010
الطبعة:10a. ed
الموضوعات:
الوسوم: إضافة وسم
لا توجد وسوم, كن أول من يضع وسما على هذه التسجيلة!

MARC

LEADER 00000cam a2200000 a 4500
001 UCG9466
003 CL-VaPUC
008 120316e20100000CL |||||||||||||||||spa|d
020 |a 9789561311374 
082 0 4 |a 823  |b WEL  |2 21 
100 0 |a Wells, Herbert George  |e author  |9 509609 
245 1 3 |a La guerra de los mundos 
250 |a 10a. ed 
300 |a 198 p 
942 |c BK 
945 |d 20120316 00:00:00  |a dcastane 
260 |a Santiago  |b Andrés Bello  |c 2010 
650 0 |a Novelas inglesas  |9 265220 
650 0 |a Literatura inglesa  |9 312907 
583 |a last modification  |c 20120316 11:38:00  |k Rodrigo Vera 
999 |c 347018  |d 347016